ბათუმის შოთა რუსთაველის სახელმწიფო უნივერსიტეტის ბიბლიოთეკა

Общая химическая технология. (ბიბ.ჩანაწერი № 37152)

000 -LEADER
fixed length control field 00721nam a2200217Ia 4500
001 - CONTROL NUMBER
control field 3108
003 - CONTROL NUMBER IDENTIFIER
control field GE_BSU
008 - FIXED-LENGTH DATA ELEMENTS--GENERAL INFORMATION
fixed length control field 181216s||||||||xx |||||||||||||| ||und||
040 ## - CATALOGING SOURCE
Transcribing agency GE_BSU
080 ## - UNIVERSAL DECIMAL CLASSIFICATION NUMBER
Universal Decimal Classification number 66(075.8)
100 ## - MAIN ENTRY--PERSONAL NAME
Personal name Мухленов,И.Г. Кузнецов,Д.А. А.Я.Авербух и др.
245 ## - TITLE STATEMENT
Title Общая химическая технология.
245 ## - TITLE STATEMENT
Remainder of title Учебник.
245 ## - TITLE STATEMENT
Statement of responsibility, etc. Под ред. И.П.Мухленова. Ред. Т.П.Федорова.
250 ## - EDITION STATEMENT
Edition statement Второе изд., переработанное и дополненное.
260 ## - PUBLICATION, DISTRIBUTION, ETC.
Place of publication, distribution, etc. М.
260 ## - PUBLICATION, DISTRIBUTION, ETC.
Name of publisher, distributor, etc. Высшая школа.
260 ## - PUBLICATION, DISTRIBUTION, ETC.
Date of publication, distribution, etc. 1970.
300 ## - PHYSICAL DESCRIPTION
Extent 600 стр. 22см. с илл.
942 ## - ADDED ENTRY ELEMENTS (KOHA)
Koha item type წიგნი
ეგზემპლარები
Withdrawn status Lost status Damaged status Not for loan Date acquired Barcode Date last seen Price effective from Koha item type
        2018-12-17 9497 2018-12-17 2018-12-17 წიგნი